000 01066nam a2200277Ia 4500
003 OSt
005 20220923211312.0
006 a|||||r|||| 00| 0
007 ta
008 220922b |||||||| |||| 00| 0 hin d
020 _a9788179757734 (hbk)
_c600
024 _a324,923
037 _b252, 13/03/2018, Shivalik Prakashan
_cTextual
040 _aARTS
_cARTS
_bhin
041 _2hin
_ahin
082 _aO152:f, Q6
100 _aअनिरुद्ध कुमार, संपा.
245 0 _aहिंदी शोधः स्वरूप और संभावना
246 _aHiandī shodhah svarūp aur sanbhāvanā
260 _aनई दिल्ली
_b अनामिका पब्लिशर्स
_c2016
300 _a238पृ.
_ccm.
650 _a शोध प्रविधि
_9160199
650 _aहिन्दी साहित्य
_9156264
942 _hO152:f, Q6
_cTEXL
_2CC
999 _c298269
_d298269